Songs by Lyrics - Statistics

General Stats
  • This quiz has been taken 12 times
  • The average score is 2 of 10
Answer Stats
Hint Answer % Correct
Sometimes I feel like saying '' Lord, I just don't care'' You've Got The Love
73%
She's a beast, I call her Karma, She eat your heart out like Jeffery Dahmer Dark Horse
36%
Stop makin' the eyes at me, I'll stop makin' the eyes at you I Bet That you Look Good on The Dancefloor
27%
I'm seeing the pain seeing the pleasure, nobody but you, body but me PILLOWTALK
27%
I've been Southampton but I've never been to Scunthorpe Pass Out
18%
Lay where you're laying, Don't make a sound Sex on Fire
18%
She pose for FHM, she like my Black LV Miami 2 Ibiza
9%
I've crossed the deserts for miles, Swam water for tide Pure Shores
9%
This is Roc Nation, pledge your allegiance Run This Town
9%
I can freak a 'fit that pump with the peep' and 212
0%
No matching quizzes found
Score Distribution
Percent of People with Each Score
Percentile by Number Answered
Your Score History
You have not taken this quiz